Gaming Quiz

Random Gaming or Nintendo Quiz
Score 0/38 Timer 05:00
0 Plays Today
Type Pokemon % Correct
Water/ElectricLanturn
97%
Water/IceLapras
97%
Dragon/PsychicLatias
97%
Dragon/PsychicLatios
97%
Steel/RockLairon
93.9%
Ground/FlyingLandorus
93.9%
Bug/FireLarvesta
93.9%
Fire/NormalLitleo
93.9%
Ghost/FireLitwick
93.9%
Water/GrassLombre
93.9%
Water/GrassLotad
93.9%
Fighting/SteelLucario
93.9%
Water/GrassLudicolo
93.9%
Rock/PsychicLunatone
93.9%
Bug/GrassLeavanny
90.9%
ElectricLuxray
90.9%
Rock/GrassLileep
87.9%
FireLitten
87.9%
ElectricLuxio
87.9%
Type Pokemon % Correct
Bug/FlyingLedian
84.8%
Bug/FlyingLedyba
84.8%
RockLycanroc
84.8%
Rock/GroundLarvitar
81.8%
Psychic/FlyingLugia
81.8%
Ghost/FireLampent
78.8%
GrassLilligant
78.8%
Psychic/GhostLunala
78.8%
WaterLuvdisc
78.8%
Normal Lickitung
75.8%
GrassLeafeon
72.7%
NormalLickilicky
72.7%
NormalLinoone
69.7%
GrassLurantis
69.7%
DarkLiepard
66.7%
NormalLillipup
63.6%
NormalLopunny
63.6%
WaterLumineon
57.6%
NormalLoudred
48.5%
Come Together.
Have Fun.
All Virtual.
We all need to come together. Play Sporcle's virtual live trivia to have fun, connect with people, and get your trivia on. Join a live hosted trivia game for your favorite pub trivia experience done virtually. If a virtual private party is more your thing, go here for details.

You're not logged in!

Compare scores with friends on all Sporcle quizzes.
OR
Log In

Sporcle TV

Today on Sporcle TV


Watch our educational content, quiz creation guides, and fun videos on Sporcle TV.

Show Comments

Extras

Top Quizzes Today


Score Distribution

Paid Content

Your Account Isn't Verified!

In order to create a playlist on Sporcle, you need to verify the email address you used during registration. Go to your Sporcle Settings to finish the process.

Report this User

Report this user for behavior that violates our Community Guidelines.

Details: